000 00591nam a2200229Ia 4500
003 OSt
005 20230418085002.0
008 210423s2010 xx 000 0 und d
020 _a9788125931201
040 _cAL
041 _aeng
082 _a332.1
_223
_bPANP
100 _aPANDIAN (Punithavathy)
_989603
245 _aFinancial services and markets
260 _aNew Delhi
_bVikas Publications
_c2010
300 _axiii,418
_bPB
365 _b330
_cINR
650 _aBanking
_989604
650 _aEconomics
_989605
906 _aFinancial ; markets ; services
942 _2ddc
_cBK
999 _c160593
_d160593